01129nab a22002417a 4500999001500000003000400015005001700019008004100036040000700077100002800084245010200112300001500214500003800229505014900267505014300416650002800559650003400587650003200621650003000653650003500683773015600718942001300874 c6249d6249OSt20260127205202.0190514b xxu||||| |||| 00| 0 spa d cPJ 96960aGranero, Sabrina 10aViolencia de género :bdebida diligencia reforzada y reparación integral /cSabrina Granero.  ap. 118-126 aCita: TR LALEY AR/DOC/2142/2025.  aSumario: I. Introducción.— II. Antecedentes del caso.— III. La sentencia: un análisis desde el derecho de daños.— IV. Conclusión.  tFallo comentado: TGestión Asociada, Nro. 2 Mendoza ~ 31/03/2025 ~ M. L. E. c. R. B. C. R. s/ daños derivados de violencia de género. 09967aDERECHO DE FAMILIA 094044aPERSPECTIVA DE GÉNERO 093053aVIOLENCIA DE GÉNERO 094077aREPARACION INTEGRAL 091057aJURISPRUDENCIA APLICABLE0 0284493222dBuenos Aires : AbeledoPerrot, 1989-tDerecho de familia. Revista Interdisciplinaria de doctrina y jurisprudencia. Octubre 2025-V.z18511201 2udccANA